[Event "Guelph Winter ProAm"]
[Site "Guelph CAN"]
[Date "2015.01.29"]
[Round "5"]
[White "Cummings, David"]
[Black "Sambuev, Bator"]
[Result "1/2-1/2"]
[WhiteElo "2421"]
[BlackElo "2658"]
[PlyCount "116"]
[GameId "2160767908976644"]
[EventDate "2015.01.27"]
[EventType "swiss"]
[EventRounds "5"]
[EventCountry "CAN"]

1. d4 d5 2. c4 e6 3. Nc3 c5 4. cxd5 cxd4 5. Qxd4 Nc6 6. Qd1 exd5 7. Qxd5 Bd7 8. Nf3 Nf6 9. Qd1 Bc5 10. e3 Qe7 11. Be2 O-O-O 12. O-O g5 13. Nd4 g4 14. Qc2 Kb8 15. Ncb5 h5 16. Nb3 Bb6 17. e4 Ne5 18. Bf4 Bxb5 19. Bxb5 h4 20. Qc3 Bc7 21. Qc5 Qxc5 22. Nxc5 h3 23. Rfd1 hxg2 24. Kxg2 Rxd1 25. Rxd1 Nf3 26. Nd7+ Nxd7 27. Bxc7+ Kxc7 28. Rxd7+ Kb6 29. Be2 Rxh2+ 30. Kg3 Rh3+ 31. Kxg4 Ne5+ 32. Kxh3 Nxd7 33. Bc4 Ne5 34. Bd5 Kc5 35. f4 Nd3 36. Kg4 f6 37. Bxb7 Kd6 38. Kf5 Ke7 39. Ba6 Nxb2 40. e5 fxe5 41. Kxe5 Na4 42. f5 Nb6 43. Bb5 Kf7 44. a4 a5 45. f6 Nc8 46. Bc4+ Ke8 47. Ke6 Nb6 48. Bb3 Nc8 49. Bc4 Nb6 50. Ba6 Kf8 51. Bb5 Nc8 52. Bc6 Nb6 53. Bd7 Nxd7 54. Kxd7 Kf7 55. Kc6 Kxf6 56. Kb6 Ke6 57. Kxa5 Kd7 58. Kb6 Kc8 1/2-1/2

[Event "CAN-ch Seniors 50+"]
[Site "Kitchener CAN"]
[Date "2014.08.02"]
[Round "3"]
[White "Cummings, David"]
[Black "Jung, Hans"]
[Result "1/2-1/2"]
[WhiteElo "2424"]
[BlackElo "2276"]
[PlyCount "69"]
[GameId "2160767909052823"]
[EventDate "2014.08.01"]
[EventType "swiss"]
[EventRounds "6"]
[EventCountry "CAN"]

1. d4 d5 2. c4 c6 3. Nf3 Nf6 4. e3 Bf5 5. Nc3 Nbd7 6. Nh4 Bg4 7. f3 Bh5 8. g4 g5 9. Ng2 Bg6 10. h4 gxh4 11. Nxh4 e5 12. Nxg6 fxg6 13. cxd5 Nxd5 14. Nxd5 cxd5 15. Qb3 exd4 16. Qxd5 Qc7 17. Qe4+ Be7 18. Bd2 dxe3 19. Bxe3 Qe5 20. Qxe5 Nxe5 21. Bb5+ Kf7 22. O-O-O h5 23. g5 Rhd8 24. Be2 Rxd1+ 25. Kxd1 Rc8 26. f4 Nc4 27. Bc1 Nd6 28. Bf3 b6 29. Bd5+ Kf8 30. Be6 Rc6 31. Re1 Nb5 32. Bh3 Nd4 33. b3 Bb4 34. Re3 Nb5 35. Re6 1/2-1/2

[Event "CAN-op (Pinnacle 48th CAN Op Ch)"]
[Site "Toronto CAN"]
[Date "2011.07.09"]
[Round "1"]
[White "Olheiser, Gordon"]
[Black "Cummings, David"]
[Result "1/2-1/2"]
[WhiteElo "2049"]
[BlackElo "2459"]
[PlyCount "143"]
[GameId "2160767909706972"]
[EventDate "2011.07.09"]
[EventType "swiss"]
[EventRounds "9"]
[EventCountry "CAN"]
[SourceTitle "EXT 2022"]
[Source "ChessBase"]
[SourceDate "2021.10.06"]
[SourceVersion "1"]
[SourceVersionDate "2021.10.06"]
[SourceQuality "1"]

1. g3 d5 2. Bg2 Nf6 3. f4 c5 4. Nf3 Nc6 5. O-O g6 6. d3 Bg7 7. Nc3 d4 8. Na4 Nd7 9. c4 O-O 10. Ng5 e6 11. Bd2 Qe7 12. a3 h6 13. Nf3 a5 14. Rb1 Re8 15. Re1 Rb8 16. h3 b6 17. e3 dxe3 18. Bxe3 Bb7 19. d4 Nxd4 20. Nxd4 Bxg2 21. Kxg2 cxd4 22. Bxd4 Bxd4 23. Qxd4 Red8 24. Qe3 Nc5 25. Nxc5 bxc5 26. b3 Rd4 27. Red1 Qb7+ 28. Kf2 Rbd8 29. Rxd4 Rxd4 30. Re1 Qd7 31. Re2 Rd3 32. Qxc5 Rxb3 33. Qxa5 Qd4+ 34. Kg2 Qd3 35. Qe1 Rxa3 36. c5 Qd5+ 37. Kh2 Rd3 38. Qf2 Rd1 39. Re1 Rd2 40. Re2 Rd3 41. Rc2 Qc6 42. Qg2 Rd5 43. Qf2 Kf8 44. h4 Ke7 45. Qg2 Kd7 46. Qf2 Kc7 47. Qg1 g5 48. fxg5 hxg5 49. Qe3 gxh4 50. gxh4 Rf5 51. Rf2 Qxc5 52. Qxc5+ Rxc5 53. Rxf7+ Kd6 54. Kg3 Ke5 55. Kf3 Rc1 56. Ra7 Rh1 57. Ra5+ Kf6 58. h5 e5 59. Kg4 Rg1+ 60. Kf3 Kf5 61. h6 Rh1 62. Ra6 Rh3+ 63. Kg2 Rh5 64. Kf3 e4+ 65. Kg3 Rg5+ 66. Kf2 Kf4 67. Rf6+ Ke5 68. Ra6 Rf5+ 69. Ke2 Kf4 70. h7 Rh5 71. Rf6+ Ke5 72. Rf7 1/2-1/2

[Event "CAN-op (Pinnacle 48th CAN Op Ch)"]
[Site "Toronto CAN"]
[Date "2011.07.11"]
[Round "3"]
[White "Melekhina, Alisa"]
[Black "Cummings, David"]
[Result "0-1"]
[WhiteElo "2262"]
[BlackElo "2459"]
[PlyCount "120"]
[GameId "2160767909707108"]
[EventDate "2011.07.09"]
[EventType "swiss"]
[EventRounds "9"]
[EventCountry "CAN"]
[SourceTitle "EXT 2022"]
[Source "ChessBase"]
[SourceDate "2021.10.06"]
[SourceVersion "1"]
[SourceVersionDate "2021.10.06"]
[SourceQuality "1"]

1. e4 c5 2. Nf3 e6 3. c3 Nf6 4. e5 Nd5 5. d4 cxd4 6. cxd4 d6 7. Bc4 Nc6 8. O-O Be7 9. Nc3 Nxc3 10. bxc3 dxe5 11. dxe5 Qa5 12. Qe2 O-O 13. Bd3 g6 14. Re1 Rd8 15. Bd2 b6 16. a4 Bb7 17. Bc4 Rac8 18. Reb1 Qc5 19. Be3 Nd4 20. Bxd4 Qxc4 21. Qxc4 Rxc4 22. a5 Bxf3 23. gxf3 Bc5 24. Bxc5 Rxc5 25. axb6 axb6 26. Rxb6 Rxe5 27. Rc6 Rf5 28. Kg2 Rd3 29. Rc8+ Kg7 30. Rc1 Rfxf3 31. c4 Rc3 32. Rxc3 Rxc3 33. c5 Kf6 34. c6 h5 35. f3 g5 36. c7 Kf5 37. Rh8 Rxc7 38. Rxh5 Kf4 39. Rh7 Rc2+ 40. Kh3 f5 41. Rf7 Rc3 42. Kg2 Rxf3 43. Rf6 Re3 44. Kf2 g4 45. Rg6 e5 46. Ra6 g3+ 47. hxg3+ Rxg3 48. Ra5 Rf3+ 49. Kg2 e4 50. Ra2 Rg3+ 51. Kf2 e3+ 52. Kf1 Rg8 53. Rb2 Ke4 54. Rb4+ Kf3 55. Rb3 Ra8 56. Rb1 f4 57. Rc1 Rd8 58. Kg1 Rg8+ 59. Kh2 Kf2 60. Kh3 e2 0-1

[Event "CAN-op (Pinnacle 48th CAN Op Ch)"]
[Site "Toronto CAN"]
[Date "2011.07.12"]
[Round "4"]
[White "Cummings, David"]
[Black "Itkin, David"]
[Result "1-0"]
[WhiteElo "2459"]
[BlackElo "2203"]
[PlyCount "133"]
[GameId "2160767909707155"]
[EventDate "2011.07.09"]
[EventType "swiss"]
[EventRounds "9"]
[EventCountry "CAN"]
[SourceTitle "EXT 2022"]
[Source "ChessBase"]
[SourceDate "2021.10.06"]
[SourceVersion "1"]
[SourceVersionDate "2021.10.06"]
[SourceQuality "1"]

1. Nf3 Nf6 2. c4 g6 3. g3 Bg7 4. Bg2 O-O 5. O-O d6 6. d4 Nc6 7. Nc3 Bf5 8. d5 Na5 9. Nd2 c6 10. b4 Nxc4 11. Nxc4 Nxd5 12. Nxd5 Bxa1 13. Bh6 Bg7 14. Bxg7 Kxg7 15. Nc3 Rc8 16. Qd4+ Kg8 17. Qxa7 b5 18. Na5 Bd7 19. Rd1 f5 20. Qe3 Rf6 21. Qd2 Qb6 22. e4 f4 23. e5 Rf7 24. exd6 fxg3 25. hxg3 exd6 26. Ne4 Rcf8 27. Qxd6 Rxf2 28. Qd4 Qxd4 29. Rxd4 R2f7 30. Nc5 Bc8 31. Nxc6 Kg7 32. Rd2 Re8 33. Nd4 Re1+ 34. Kh2 Rb1 35. a3 Ra1 36. Nxb5 Rf5 37. g4 Rg5 38. Bh3 h5 39. Nd4 Re5 40. gxh5 Bxh3 41. Kxh3 Rxa3+ 42. Kg4 Rxh5 43. Nf3 Rc3 44. Rd7+ Kg8 45. Rd8+ Kf7 46. Ng5+ Ke7 47. Rd7+ Ke8 48. Rd4 Rc1 49. Nce4 Rg1+ 50. Kf4 Rf1+ 51. Ke5 Rf5+ 52. Kd6 Rhxg5 53. Nxg5 Rxg5 54. Kc6 Rg1 55. b5 Rc1+ 56. Kb7 Rb1 57. b6 Ke7 58. Rd5 Ke6 59. Ra5 Kf6 60. Kc6 g5 61. b7 Rxb7 62. Kxb7 Kg6 63. Kc6 Kh5 64. Kd5 g4 65. Ke4+ Kh4 66. Kf4 g3 67. Rg5 1-0

[Event "CAN-op (Pinnacle 48th CAN Op Ch)"]
[Site "Toronto CAN"]
[Date "2011.07.13"]
[Round "5"]
[White "Gerzhoy, Leonid"]
[Black "Cummings, David"]
[Result "1-0"]
[WhiteElo "2483"]
[BlackElo "2350"]
[PlyCount "79"]
[GameId "2160767909707236"]
[EventDate "2011.07.09"]
[EventType "swiss"]
[EventRounds "9"]
[EventCountry "CAN"]
[SourceTitle "CBM 143 Extra"]
[Source "ChessBase"]
[SourceDate "2011.08.29"]
[SourceVersion "1"]
[SourceVersionDate "2011.08.29"]
[SourceQuality "1"]

1. Nf3 Nf6 2. c4 e6 3. g3 d5 4. d4 Bb4+ 5. Bd2 Be7 6. Bg2 O-O 7. O-O c6 8. Bf4 dxc4 9. Ne5 Nd5 10. Nxc4 Nxf4 11. gxf4 Nd7 12. e3 Nb6 13. Nbd2 Nd5 14. Rc1 Bd7 15. Kh1 Rc8 16. Ne4 Be8 17. Rg1 Kh8 18. Bf3 b6 19. Qf1 Nf6 20. Qg2 g6 21. Rgd1 Nd5 22. a3 f6 23. h4 Bf7 24. Qh3 Rg8 25. Rg1 h5 26. Rc2 Qd7 27. Rgc1 Rgd8 28. Nc3 Nxc3 29. Rxc3 c5 30. dxc5 Rxc5 31. Qg2 Rcc8 32. Bb7 Rb8 33. Bc6 Qc8 34. b4 Qa6 35. Kh2 Kh7 36. Be4 Rdc8 37. Nd2 Rxc3 38. Rxc3 Rd8 39. Rc7 Rxd2 40. Rxe7 1-0

[Event "CAN-op (Pinnacle 48th CAN Op Ch)"]
[Site "Toronto CAN"]
[Date "2011.07.14"]
[Round "6"]
[White "Cummings, David"]
[Black "Yee, Lorne"]
[Result "1/2-1/2"]
[WhiteElo "2459"]
[BlackElo "2260"]
[PlyCount "183"]
[GameId "2160767909707302"]
[EventDate "2011.07.09"]
[EventType "swiss"]
[EventRounds "9"]
[EventCountry "CAN"]
[SourceTitle "EXT 2022"]
[Source "ChessBase"]
[SourceDate "2021.10.06"]
[SourceVersion "1"]
[SourceVersionDate "2021.10.06"]
[SourceQuality "1"]

1. c4 Nf6 2. Nc3 c6 3. e4 e5 4. Nf3 d6 5. d4 Nbd7 6. Be2 Be7 7. O-O O-O 8. Re1 Qc7 9. Rb1 a5 10. Bf1 Re8 11. d5 Nc5 12. Nd2 Nfd7 13. b3 Bg5 14. a3 Nf6 15. b4 axb4 16. axb4 Ncd7 17. Bb2 Qb6 18. dxc6 bxc6 19. Nf3 Bh6 20. Qxd6 Re6 21. Qd3 Ng4 22. Nd1 Qxb4 23. h3 Ngf6 24. Bxe5 Nxe5 25. Rxb4 Nxd3 26. Bxd3 Nd7 27. Ne3 g6 28. Bc2 Bf8 29. Rbb1 Nc5 30. e5 h5 31. Nd4 Rxe5 32. Nxc6 Re6 33. Nd4 Rd6 34. Nd5 Bb7 35. Nb5 Rdd8 36. Nbc3 Ra7 37. Ne4 Nxe4 38. Bxe4 Bxd5 39. Bxd5 Bc5 40. Rb5 Rc8 41. Rb7 Rxb7 42. Bxb7 Rc7 43. Rb1 Kg7 44. Kf1 Kf6 45. Ke2 Ke5 46. Bd5 g5 47. Rb8 Ra7 48. Re8+ Kf5 49. Rc8 Re7+ 50. Kf1 Bd4 51. c5 h4 52. c6 Be5 53. Ke2 Bg3+ 54. Kf3 Bd6 55. Rd8 Ke5 56. Rd7 Rxd7 57. cxd7 Bc7 58. Bxf7 Kf6 59. Be8 Kf5 60. Bh5 Bb6 61. Bg4+ Ke5 62. g3 Bc7 63. gxh4 gxh4 64. Ke3 Bd8 65. f4+ Kd5 66. Bf5 Kd6 67. Kf3 Ke7 68. Kg4 Kf6 69. Bd3 Ke6 70. Bb5 Kf7 71. Kf5 Be7 72. Bc4+ Kf8 73. Ke6 Bd8 74. Bd3 Kg8 75. Bg6 Kf8 76. Be8 Be7 77. f5 Bd8 78. f6 Kg8 79. f7+ Kf8 80. Kd6 Ba5 81. Kc6 Ke7 82. Kb7 Bd8 83. Kc8 Ba5 84. d8=Q+ Bxd8 85. f8=Q+ Kxf8 86. Kxd8 Kg7 87. Ke7 Kg8 88. Bf7+ Kg7 89. Bc4 Kg6 90. Kf8 Kh7 91. Bd3+ Kh8 92. Kf7 1/2-1/2

[Event "CAN-op (Pinnacle 48th CAN Op Ch)"]
[Site "Toronto CAN"]
[Date "2011.07.16"]
[Round "8"]
[White "Cummings, David"]
[Black "Fedorowicz, John"]
[Result "1/2-1/2"]
[WhiteElo "2350"]
[BlackElo "2454"]
[PlyCount "50"]
[GameId "2160767909707453"]
[EventDate "2011.07.09"]
[EventType "swiss"]
[EventRounds "9"]
[EventCountry "CAN"]
[SourceTitle "CBM 143 Extra"]
[Source "ChessBase"]
[SourceDate "2011.08.29"]
[SourceVersion "1"]
[SourceVersionDate "2011.08.29"]
[SourceQuality "1"]

1. c4 e5 2. g3 c6 3. d4 exd4 4. Qxd4 Nf6 5. Bg2 Na6 6. Nf3 d5 7. O-O Be7 8. cxd5 Qxd5 9. Nc3 Qxd4 10. Nxd4 O-O 11. Bf4 Nh5 12. Be3 Nf6 13. Rfd1 Nc7 14. Rac1 Rd8 15. Nb3 Ne6 16. Rxd8+ Bxd8 17. Rd1 Bb6 18. Bxb6 axb6 19. e4 Nd7 20. f4 Kf8 21. e5 Ke7 22. Nd2 b5 23. a3 Nec5 24. Nde4 Nxe4 25. Nxe4 Nb6 1/2-1/2

[Event "CAN-op (Pinnacle 48th CAN Op Ch)"]
[Site "Toronto CAN"]
[Date "2011.07.17"]
[Round "9"]
[White "Campbell, Brett"]
[Black "Cummings, David"]
[Result "0-1"]
[WhiteElo "2246"]
[BlackElo "2459"]
[PlyCount "112"]
[GameId "2160767909707513"]
[EventDate "2011.07.09"]
[EventType "swiss"]
[EventRounds "9"]
[EventCountry "CAN"]
[SourceTitle "EXT 2022"]
[Source "ChessBase"]
[SourceDate "2021.10.06"]
[SourceVersion "1"]
[SourceVersionDate "2021.10.06"]
[SourceQuality "1"]

1. e4 c5 2. Nf3 e6 3. d3 Nc6 4. Nbd2 d6 5. g3 g6 6. Bg2 Bg7 7. O-O Nge7 8. c3 O-O 9. a4 b6 10. Re1 Ba6 11. Nf1 Rc8 12. h4 Ne5 13. d4 Nd3 14. Re3 Nxc1 15. Rxc1 d5 16. exd5 Nxd5 17. Re1 Qc7 18. Ne5 cxd4 19. Qxd4 Rfd8 20. f4 Bf8 21. Qe4 Bc5+ 22. Kh2 Nf6 23. Qc2 Bb7 24. Rcd1 Bd6 25. Bxb7 Qxb7 26. Ne3 Kg7 27. N3c4 Bc5 28. b4 Be7 29. b5 Rxd1 30. Rxd1 Rxc4 31. Nxc4 Ng4+ 32. Kh3 Qf3 33. Re1 Nf2+ 34. Kh2 Ng4+ 35. Kh3 Nf2+ 36. Kh2 Bxh4 37. gxh4 Qh3+ 38. Kg1 Qh1+ 39. Kxf2 Qh2+ 40. Ke3 Qxc2 41. Ne5 Qxc3+ 42. Nd3 Qa3 43. Rc1 Qxa4 44. Rc7 Qxb5 45. Ne5 Qb3+ 46. Kf2 a5 47. Nxf7 a4 48. Ne5+ Kf8 49. Nd7+ Ke8 50. Rb7 Qb2+ 51. Ke3 a3 52. Nxb6 Qc3+ 53. Ke2 a2 54. Na8 a1=Q 55. Nc7+ Kd8 56. Nxe6+ Kc8 0-1

[Event "Kitchener Winter op"]
[Site "Kitchener CAN"]
[Date "2011.03.12"]
[Round "1"]
[White "Cummings, David"]
[Black "Drkulec, Vladimir"]
[Result "1-0"]
[WhiteElo "2360"]
[BlackElo "2023"]
[PlyCount "77"]
[GameId "2160767909787423"]
[EventDate "2011.03.12"]
[EventType "swiss"]
[EventRounds "5"]
[EventCountry "CAN"]
[SourceTitle "EXT 2022"]
[Source "ChessBase"]
[SourceDate "2021.10.06"]
[SourceVersion "1"]
[SourceVersionDate "2021.10.06"]
[SourceQuality "1"]

1. c4 c5 2. g3 Nf6 3. Bg2 Nc6 4. Nc3 e6 5. Nf3 d5 6. cxd5 exd5 7. d4 Be6 8. O-O Be7 9. dxc5 Bxc5 10. Bg5 O-O 11. Bxf6 gxf6 12. Rc1 d4 13. Ne4 Be7 14. a3 Qb6 15. Qd2 Kg7 16. Nh4 f5 17. Ng5 h6 18. Nh3 Bxh4 19. gxh4 Rg8 20. Kh1 Qd8 21. Nf4 Kh7 22. b4 a6 23. Rc5 Qxh4 24. Bxc6 bxc6 25. Qxd4 Rg4 26. e3 Rd8 27. Qa1 Rdg8 28. f3 Qxh2+ 29. Kxh2 Rh4+ 30. Nh3 f4 31. Qb1+ Kh8 32. Qb2+ Kh7 33. Qc2+ Kh8 34. Qc3+ Kh7 35. Qd3+ Kh8 36. Qd4+ Kh7 37. Qe4+ Kh8 38. Qxe6 fxe6 39. exf4 1-0

[Event "Kitchener Winter op"]
[Site "Kitchener CAN"]
[Date "2011.03.12"]
[Round "2"]
[White "Itkin, David"]
[Black "Cummings, David"]
[Result "0-1"]
[WhiteElo "1928"]
[BlackElo "2360"]
[PlyCount "93"]
[GameId "2160767909787431"]
[EventDate "2011.03.12"]
[EventType "swiss"]
[EventRounds "5"]
[EventCountry "CAN"]
[SourceTitle "EXT 2022"]
[Source "ChessBase"]
[SourceDate "2021.10.06"]
[SourceVersion "1"]
[SourceVersionDate "2021.10.06"]
[SourceQuality "1"]

1. e4 c5 2. Nf3 e6 3. d4 cxd4 4. Nxd4 a6 5. Nc3 Qc7 6. Bd3 Nf6 7. Be3 Bb4 8. Qd2 d5 9. f3 e5 10. Nde2 d4 11. Nxd4 exd4 12. Bxd4 Nc6 13. Bxf6 gxf6 14. O-O Be6 15. a3 Bxc3 16. bxc3 O-O-O 17. Qe2 Ne5 18. Rab1 Bc4 19. Rfd1 Rhg8 20. Rb4 a5 21. Rb2 Qc5+ 22. Kh1 Rd7 23. f4 Ng4 24. Rf1 Ne3 25. Rg1 Rgd8 26. Bxc4 Nxc4 27. Rb3 Qxg1+ 28. Kxg1 Rd1+ 29. Kf2 R1d2 30. Rb5 Rxe2+ 31. Kxe2 b6 32. Rf5 Rd6 33. e5 fxe5 34. Rxf7 Rd2+ 35. Kf3 e4+ 36. Kxe4 Nd6+ 37. Ke3 Nxf7 38. Kxd2 Kd7 39. g4 Nd6 40. Kd3 Kc6 41. Kd4 Nb5+ 42. Ke5 Nxa3 43. Ke6 Nb5 44. f5 a4 45. g5 a3 46. g6 hxg6 47. f6 0-1

[Event "Kitchener Winter op"]
[Site "Kitchener CAN"]
[Date "2011.03.13"]
[Round "4"]
[White "Guo, Josh"]
[Black "Cummings, David"]
[Result "1-0"]
[WhiteElo "2088"]
[BlackElo "2360"]
[PlyCount "69"]
[GameId "2160767909787443"]
[EventDate "2011.03.12"]
[EventType "swiss"]
[EventRounds "5"]
[EventCountry "CAN"]
[SourceTitle "EXT 2022"]
[Source "ChessBase"]
[SourceDate "2021.10.06"]
[SourceVersion "1"]
[SourceVersionDate "2021.10.06"]
[SourceQuality "1"]

1. e4 c5 2. c3 d5 3. exd5 Qxd5 4. d4 Nf6 5. Nf3 e6 6. a3 Be7 7. Be3 O-O 8. dxc5 Qxd1+ 9. Kxd1 Ng4 10. b4 Rd8+ 11. Nbd2 a5 12. Bb5 axb4 13. cxb4 Bf6 14. Ra2 Nc6 15. Bc4 e5 16. Ke2 Bf5 17. h3 Nxe3 18. fxe3 e4 19. Nd4 Nxd4+ 20. exd4 Rxd4 21. Rf1 Bg6 22. Rxf6 gxf6 23. Ke3 Rad8 24. a4 Bf5 25. b5 Be6 26. Bxe6 Rd3+ 27. Ke2 e3 28. Nc4 fxe6 29. Nd6 Rc3 30. a5 Rd7 31. Ne4 Rcd3 32. Nxf6+ Kf7 33. Nxd7 Rxd7 34. c6 bxc6 35. a6 1-0

[Event "Kitchener Winter op"]
[Site "Kitchener CAN"]
[Date "2011.03.13"]
[Round "5"]
[White "Olheiser, Gordon"]
[Black "Cummings, David"]
[Result "0-1"]
[WhiteElo "1916"]
[BlackElo "2360"]
[PlyCount "76"]
[GameId "2160767909787456"]
[EventDate "2011.03.12"]
[EventType "swiss"]
[EventRounds "5"]
[EventCountry "CAN"]
[SourceTitle "EXT 2022"]
[Source "ChessBase"]
[SourceDate "2021.10.06"]
[SourceVersion "1"]
[SourceVersionDate "2021.10.06"]
[SourceQuality "1"]

1. d4 d5 2. Nf3 Nf6 3. e3 c5 4. dxc5 e6 5. c4 Bxc5 6. Nc3 Nc6 7. a3 a5 8. cxd5 exd5 9. Be2 O-O 10. O-O Bg4 11. Qc2 Qe7 12. Ng5 Be6 13. Nxe6 fxe6 14. b3 Rad8 15. Bb2 e5 16. Nb5 Kh8 17. Rad1 Bb6 18. Bf3 Rc8 19. Qb1 Rfd8 20. Qa1 Qe6 21. Be2 Rf8 22. h3 Rcd8 23. Qb1 Ne4 24. Bd3 Nxf2 25. Rde1 Nxh3+ 26. gxh3 Qxh3 27. Bc1 Qg3+ 28. Kh1 Rf6 29. Rxf6 Qh3+ 30. Kg1 gxf6 31. Bxh7 Qxh7 32. Qxh7+ Kxh7 33. Kg2 Kg6 34. Kf3 Kf5 35. Rh1 Ke6 36. Rh7 Rd7 37. Rh8 e4+ 38. Kf4 Ne5 0-1

[Event "Hart House Holidays op"]
[Site "Toronto CAN"]
[Date "2010.12.18"]
[Round "2.9"]
[White "Cummings, David"]
[Black "Birarov, Vladimir"]
[Result "1-0"]
[WhiteElo "2456"]
[BlackElo "2210"]
[PlyCount "69"]
[GameId "2160767909833995"]
[EventDate "2010.12.17"]
[EventType "swiss"]
[EventRounds "5"]
[EventCountry "CAN"]
[SourceTitle "EXT 2022"]
[Source "ChessBase"]
[SourceDate "2021.10.06"]
[SourceVersion "1"]
[SourceVersionDate "2021.10.06"]
[SourceQuality "1"]

1. c4 Nf6 2. Nc3 e6 3. e4 c5 4. e5 Ng8 5. Nf3 Nc6 6. d4 cxd4 7. Nxd4 Nxe5 8. Ndb5 d6 9. c5 a6 10. Nxd6+ Bxd6 11. cxd6 Nf6 12. Be2 O-O 13. O-O b5 14. Bf4 Ng6 15. Bf3 Ra7 16. Bg3 e5 17. Qd2 Rd7 18. Rad1 Ne8 19. a4 Nxd6 20. Bc6 Nc4 21. Qe2 Rd4 22. axb5 Qb6 23. Na4 Qa7 24. Rxd4 Qxd4 25. Rd1 Bg4 26. Bf3 Bxf3 27. gxf3 Nf4 28. Bxf4 Qxf4 29. bxa6 f5 30. b3 Na5 31. Qe3 Qb4 32. Qxe5 Nxb3 33. Rd7 Rf6 34. Qd5+ Kf8 35. Qa8+ 1-0

[Event "Hart House Holidays op"]
[Site "Toronto CAN"]
[Date "2010.12.18"]
[Round "3.3"]
[White "Moffat, Andrei"]
[Black "Cummings, David"]
[Result "0-1"]
[WhiteElo "2260"]
[BlackElo "2456"]
[PlyCount "92"]
[GameId "2160767909834002"]
[EventDate "2010.12.17"]
[EventType "swiss"]
[EventRounds "5"]
[EventCountry "CAN"]
[SourceTitle "EXT 2022"]
[Source "ChessBase"]
[SourceDate "2021.10.06"]
[SourceVersion "1"]
[SourceVersionDate "2021.10.06"]
[SourceQuality "1"]

1. e4 c5 2. Nf3 e6 3. b4 cxb4 4. d4 Nf6 5. Bd3 Be7 6. O-O d5 7. e5 Ne4 8. Qe1 f5 9. exf6 Nxf6 10. Ng5 Qb6 11. Nd2 O-O 12. Nb3 a5 13. Bd2 Re8 14. Kh1 Nc6 15. f4 a4 16. Nc5 Bxc5 17. dxc5 Qxc5 18. Qh4 h6 19. Bg6 Bd7 20. Rae1 Rf8 21. Nxe6 Bxe6 22. Rxe6 Ne4 23. Bc1 Rf6 24. Rxf6 Nxf6 25. Qe1 Qe7 26. Qd1 Rd8 27. Re1 Ne4 28. Be3 Qf6 29. Qh5 Ne7 30. Bxe4 dxe4 31. Qe2 Nd5 32. g4 Qc6 33. g5 hxg5 34. fxg5 Rf8 35. Qg4 Rf3 36. Bd4 Rf4 37. Qg2 Ne7 38. Be3 Rf3 39. Qd2 Nd5 40. g6 Nxe3 41. Rxe3 Rf1+ 42. Kg2 Rf8 43. Qe2 Qxg6+ 44. Rg3 Qc6 45. Qg4 Qxc2+ 46. Kh3 Qc8 0-1

[Event "Hart House Holidays op"]
[Site "Toronto CAN"]
[Date "2010.12.19"]
[Round "4.2"]
[White "Cummings, David"]
[Black "Aronov, Yuri"]
[Result "1/2-1/2"]
[WhiteElo "2456"]
[BlackElo "2306"]
[PlyCount "97"]
[GameId "2160767909834009"]
[EventDate "2010.12.17"]
[EventType "swiss"]
[EventRounds "5"]
[EventCountry "CAN"]
[SourceTitle "EXT 2022"]
[Source "ChessBase"]
[SourceDate "2021.10.06"]
[SourceVersion "1"]
[SourceVersionDate "2021.10.06"]
[SourceQuality "1"]

1. c4 Nf6 2. g3 g6 3. Bg2 Bg7 4. Nc3 O-O 5. e4 d6 6. Nge2 c5 7. O-O Nc6 8. d3 Ne8 9. Be3 Nc7 10. d4 cxd4 11. Nxd4 Ne6 12. Nde2 Qa5 13. Rc1 Bd7 14. f4 Rfc8 15. a3 Qd8 16. b4 b6 17. Qd2 Nf8 18. h3 Rab8 19. Rfd1 Qe8 20. Nd5 Kh8 21. g4 f5 22. exf5 gxf5 23. gxf5 Bxf5 24. Ng3 Bd7 25. f5 Ne5 26. Bh6 Qf7 27. Bxg7+ Qxg7 28. Qf4 Ba4 29. Rd2 Nfd7 30. Bf1 Nf6 31. Nxf6 Qxf6 32. Rg2 Bc6 33. Ne4 Bxe4 34. Qxe4 Rf8 35. c5 bxc5 36. bxc5 Rb3 37. c6 Nf3+ 38. Kh1 Ng5 39. Rxg5 Qxg5 40. Qd4+ Rf6 41. Qc4 Rg3 42. Bg2 Rxg2 43. c7 Rf8 44. c8=Q Rxc8 45. Qxc8+ Kg7 46. f6+ Kxf6 47. Rf1+ Kg6 48. Qe6+ Kh5 49. Rf5 1/2-1/2

[Event "National Capital op"]
[Site "Ottawa CAN"]
[Date "2010.11.12"]
[Round "1"]
[White "Cummings, David"]
[Black "Mai, Lloyd"]
[Result "1/2-1/2"]
[WhiteElo "2474"]
[BlackElo "2296"]
[PlyCount "79"]
[GameId "2160767909842521"]
[EventDate "2010.11.12"]
[EventType "swiss"]
[EventRounds "5"]
[EventCountry "CAN"]
[SourceTitle "EXT 2022"]
[Source "ChessBase"]
[SourceDate "2021.10.06"]
[SourceVersion "1"]
[SourceVersionDate "2021.10.06"]
[SourceQuality "1"]

1. c4 g6 2. d4 Nf6 3. Nc3 Bg7 4. e4 d6 5. Nf3 O-O 6. Be2 e5 7. d5 Na6 8. Nd2 Ne8 9. O-O f5 10. a3 Nf6 11. b4 f4 12. Nb3 g5 13. g4 h5 14. h3 hxg4 15. hxg4 Kf7 16. f3 Rh8 17. Kg2 Rh4 18. c5 Qh8 19. Rh1 Qh7 20. Qe1 Qg6 21. Bd2 Rxh1 22. Qxh1 Bd7 23. c6 Rh8 24. cxd7 Rxh1 25. d8=N+ Ke8 26. Rxh1 Kxd8 27. Na5 Kc8 28. Rc1 Ne8 29. Nc6 bxc6 30. Bxa6+ Kd8 31. dxc6 Nf6 32. Bc4 Qe8 33. b5 Ke7 34. Be1 Qc8 35. Nd5+ Nxd5 36. Bxd5 Qb8 37. a4 Qb6 38. Rb1 Qc5 39. Bf2 Qc3 40. Rb3 1/2-1/2

[Event "National Capital op"]
[Site "Ottawa CAN"]
[Date "2010.11.13"]
[Round "2"]
[White "Kirby, Patrick"]
[Black "Cummings, David"]
[Result "1-0"]
[WhiteElo "2201"]
[BlackElo "2474"]
[PlyCount "118"]
[GameId "2160767909842526"]
[EventDate "2010.11.12"]
[EventType "swiss"]
[EventRounds "5"]
[EventCountry "CAN"]
[SourceTitle "EXT 2022"]
[Source "ChessBase"]
[SourceDate "2021.10.06"]
[SourceVersion "1"]
[SourceVersionDate "2021.10.06"]
[SourceQuality "1"]

1. e4 c5 2. Nf3 e6 3. d4 cxd4 4. Nxd4 a6 5. Bd3 Bc5 6. Nb3 Be7 7. Qg4 g6 8. Qe2 d6 9. Be3 Nd7 10. O-O Qc7 11. N1d2 b6 12. f4 Ngf6 13. a4 h5 14. f5 gxf5 15. exf5 e5 16. Bg5 Bb7 17. Rae1 Rg8 18. h4 Ng4 19. f6 Ndxf6 20. Rf5 d5 21. Qf1 Rxg5 22. hxg5 e4 23. Nf3 Bc5+ 24. Nxc5 Qxc5+ 25. Kh1 Nf2+ 26. Kh2 N6g4+ 27. Kg3 Qc7+ 28. Ne5 Nxe5 29. Kxf2 Ng4+ 30. Ke2 O-O-O 31. Kd2 exd3 32. cxd3 Kb8 33. Rxf7 Rd7 34. Rxd7 Qxd7 35. Qf4+ Ka7 36. a5 d4 37. axb6+ Kxb6 38. Qf8 Ne3 39. g6 Qa4 40. Qd6+ Bc6 41. Rxe3 dxe3+ 42. Kxe3 Qg4 43. Qd4+ Qxd4+ 44. Kxd4 Be8 45. g7 Bf7 46. Ke5 a5 47. Kd6 a4 48. d4 Kb5 49. Ke7 Bd5 50. Kd6 Bg8 51. Ke5 Kc4 52. Ke4 Bf7 53. Ke5 Bd5 54. g3 Bg8 55. Ke4 Bf7 56. Kf5 Kxd4 57. Kf6 Bc4 58. Kg5 Kd3 59. Kxh5 Kc2 1-0